| 000 | 01104nam0a2200325 i 4500 | ||
|---|---|---|---|
| 001 | RU\NLR\BIBL_A\010413313 | ||
| 005 | 20241118015444.0 | ||
| 010 |
_a978-5-7534-1419-9 _9300 |
||
| 021 |
_aRU _b2014-34883 _92126 |
||
| 035 | _a(NILC)RuMoRGB-007494268 | ||
| 035 | _a(NLR Aleph) 010413313 | ||
| 090 |
_a9772408 _c9772408 |
||
| 100 | _a20140708d2013 km y0rusy50 ca | ||
| 101 | 0 |
_aoss _arus |
|
| 102 |
_aRU _aRU |
||
| 105 | _ay|||||||||||| | ||
| 200 | 1 |
_aДзагдар _eуацмыстӕ _fГусалты Барис |
|
| 210 |
_aДзӕуджыхъӕу _cИр _d2013 |
||
| 215 |
_a399, [1] с. _cпортр. _d23 см |
||
| 300 | _aТекст осет., рус. | ||
| 541 | 1 |
_aУслужник : _eпроизведения на осет. и рус. яз. _zrus |
|
| 686 | 1 | _aШ6(2=Осет)7-46 | |
| 700 | 1 |
_aГусалты _bБ. _gБарис |
|
| 790 | 1 |
_aГусалов _bБ. М. _gБорис Мустаевич |
|
| 801 | 0 |
_aRU _bРГБ _c20140521 _gRCR |
|
| 801 | 1 |
_aRU _bРГБ _c20140521 _2rusmarc |
|
| 852 |
_aNLR _bОНЛ _jОсет./3-2473 |
||
| 942 | _cBOOK | ||
| 980 | _aNBR | ||